Sprievodca po výstavke listín Župného múzea v Bardiove
| Main Author: | |
|---|---|
| Format: | Book |
| Language: | Slovak Latin German Czech |
| PhysicalDescription: | 68 s. faksimile, ilustrácie 22 cm |
| Published: |
Bardiov
Župné múzeum
1926
|
| Subjects: |
MARC
| LEADER | 00000cam a2200000 a 4500 | ||
|---|---|---|---|
| 001 | vtls008407939 | ||
| 003 | SK-MaSNL | ||
| 005 | 20260301143936.0 | ||
| 008 | 250313s1926 xo ha g c 000 0 slo | ||
| 015 | |a SNBA19191938-015072 | ||
| 035 | |a SK01SNKBSKHR20010100156 | ||
| 035 | |a urn:nbn:sk:snk-am3hjtk | ||
| 035 | |a B5382ABF-3CF6-427B-BB59-0B7A41402A30 | ||
| 035 | |a urn:nbn:sk:snk-am00d2vh | ||
| 035 | |a SKM000102619 | ||
| 040 | |a SNK |b slo |c SNK |e AACR2 | ||
| 041 | 0 | |a slo |a lat |a ger |a cze | |
| 043 | |a e-xo--- | ||
| 044 | |a xo |c SK | ||
| 080 | |a 069.02 |2 1981 | ||
| 100 | 1 | |a Žebrácky, Gejza, |d 1869-1951 |4 aut |9 255734 | |
| 245 | 1 | 0 | |a Sprievodca po výstavke listín Župného múzea v Bardiove |c [sost. Gejza Žebrácky] |
| 260 | |a Bardiov |b Župné múzeum |c 1926 |e Košice |f Slov. kníhtlač. | ||
| 300 | |a 68 s. |b faksimile, ilustrácie |c 22 cm | ||
| 500 | |a Na tit. s. uvedené bardiovské "ex libris" z XVI. storočia | ||
| 546 | |a Časť textu v latinčine, nemčine a češtine | ||
| 610 | 2 | 7 | |a Šarišské múzeum (Bardejov, Slovensko) |2 SNKKA |9 33039 |
| 650 | 0 | 7 | |a múzeá |2 SNKPH |9 4119 |
| 650 | 0 | 7 | |a listiny |2 SNKPH |9 25130 |
| 655 | 7 | |a katalógy výstav |2 SNKPH |9 70445 | |
| 852 | |a Slovenská národná knižnica | ||
| 958 | |a ONDV | ||
| 958 | |a RK | ||
| 958 | |a TL | ||
| 999 | |c 775331 |d 777261 | ||
| 952 | |a SNK |b SNK |y VYP |7 0 |p 17A1344593 |o snkSC 2174/1 D1 |i snkKSK 379/57 |8 3 |0 0 |1 0 |4 0 |d 2019-10-08 |l 0 |r 2026-02-24 00:47:45 |w 2026-02-24 | ||
| 952 | |a SNK |b SNK |y PREZ |7 0 |p 17A0744204 |o snkSC 2174/1 |i snk980/37 |0 0 |1 0 |4 0 |d 2018-05-24 |f 1 |l 0 |r 2025-06-11 00:00:00 |w 2026-02-24 | ||


